Virtual Boy All 22 Games - Statistics

General Stats
  • This quiz has been taken 11 times
  • The average score is 11 of 22
Answer Stats
Hint Answer % Correct
Puzzle 3d Tetris
100%
Action Mario Clash
100%
Action Jack Bros
71%
Sports Marios Tennis
71%
Sports Nesters Funky Bowling
71%
Fighting Teleroboxer
71%
Platform Virtual Boy Wario Land
71%
Shoot Em Up Waterworld
71%
Pinball Galactic Pinball
57%
Shoot Em Up Red Alarm
57%
Sports Virtual League Baseball
57%
Sports Golf
43%
Puzzle Panic Bomber
43%
Shoot Em Up Vertical Force
43%
Puzzle Virtual Lab
43%
Tactical Role Playing Game SD Gundam Dimension War
29%
Sports Space Squash
29%
Sports Virtual Bowling
29%
First Person Shooter Innsmouth No Yakata
14%
Shoot Em Up Space Invaders Virtual Collection
14%
Fishing Virtual Fishing
14%
Puzzle V Tetris
14%
No matching quizzes found
Score Distribution
Percent of People with Each Score
Percentile by Number Answered
Your Score History
You have not taken this quiz